The Effect of a coating material on antiozonant blooming in natural rubber compounds (Record no. 70597)

MARC details
000 -LEADER
fixed length control field 00509nam a2200193Ia 4500
100 ## - MAIN ENTRY--AUTHOR NAME
Personal name Freakley
245 #4 - TITLE STATEMENT
Title The Effect of a coating material on antiozonant blooming in natural rubber compounds
260 ## - PUBLICATION, DISTRIBUTION, ETC. (IMPRINT)
Name of publisher Kautschuk Gummi Kunststoffe
Year of publication 2000
300 ## - PHYSICAL DESCRIPTION
Number of Pages 224-227
650 ## - SUBJECT ADDED ENTRY--TOPICAL TERM
Topical Term Antiozonant
650 ## - SUBJECT ADDED ENTRY--TOPICAL TERM
Topical Term Bloom
650 ## - SUBJECT ADDED ENTRY--TOPICAL TERM
Topical Term Coating
650 ## - SUBJECT ADDED ENTRY--TOPICAL TERM
Topical Term Compatibility
650 ## - SUBJECT ADDED ENTRY--TOPICAL TERM
Topical Term Diffusion
650 ## - SUBJECT ADDED ENTRY--TOPICAL TERM
Topical Term Substrate
700 ## - ADDED ENTRY--PERSONAL NAME
Personal name Bhala M J
942 ## - ADDED ENTRY ELEMENTS (KOHA)
Koha item type Journals
Holdings
Withdrawn status Lost status Damaged status Not for loan Home library Current library Shelving location Date acquired Serial Enumeration / chronology Koha item type
      Journals RRII Library RRII Library Rubber chemistry 17/12/2021 Volume 53, Issue 4 Journals